Statystyki dla Potwory z Royal Quest

Kliknij tutaj aby rozwiązać quiz!

Ogólne statystyki

  • Ten quiz został rozwiązany 12 razy
  • Średni wynik to 55 z 313

Statystyki odpowiedzi

levelMob% Poprawnych
4Drewniak
83%
1Kropla rosy
83%
2Polna bzykopszczoła
75%
20Dzik
67%
5Haul
67%
10
Pniak
58%
14Karaluch
58%
60Ogr
58%
4Wilk
58%
19Modliszka
50%
7Cierń
50%
15Leśny szaman
50%
18Nietoperz
50%
58Ork
50%
16Ślimak
50%
54Alicja
42%
14
Leśny wojownik
42%
58Goblin
42%
51Salamandra
42%
41Szkielet
42%
41Wilkołak
42%
38Złe oko
42%
21Żołądź
42%
50Aran
33%
50Archont
33%
54Blom
33%
26Błotniak
33%
25Czarny karaluch
33%
30
Młody ireks
33%
30
Wściekły dzik
33%
58Dmuchawiec
33%
61Faraon
33%
12Głodny cierń
33%
35Ireks
33%
56Klug
33%
10Kokon
33%
30Król Nietoperzy
33%
40Królowa szczurów
33%
24Łupieżca
33%
60Mistrz
33%
56Mumia
33%
39Niuchacz
33%
13Ogrodowy strach na wróble
33%
37Pustynny krab
33%
41Skorpion
33%
41Ślimaczak
33%
52Sola
33%
21Świetlik
33%
22Szczur kanałowy
33%
52Ważka
33%
47Wilkołak alfa
33%
6Wodny smoczak
33%
51Żabor
33%
8Zaskroniec
33%
58Zombie
33%
59Achyl
25%
50Anubis
25%
42Baphomet
25%
60Biegacz
25%
44Bogaty ghul
25%
26Crogg
25%
9Czarny haul
25%
60Destruktor
25%
30Dzik alfa
25%
61Edward
25%
50Gargulec
25%
47Garm
25%
38Ghul
25%
17Jadowity karaluch
25%
56Kerok
25%
23Klonowy drzewiec
25%
56Kościogrzechotnik
25%
42Krokodyl
25%
25Królowa bzykopszczół
25%
13Królowa cierni
25%
58Krupier
25%
25Macka
25%
10Magiczny smoczak
25%
37Metalak
25%
57Minotaur
25%
10Młode złe oko
25%
33Modliszka bojowa
25%
42Morius
25%
60Mroczna wyrocznia
25%
59Mrocznik
25%
15Mroczny Szaman
25%
42Niedźwiedź
25%
58Opancerzony haul
25%
57Pełzak
25%
57Pierrot
25%
1Piniata
25%
58Przeklęty wysysacz
25%
47Ropucha
25%
17Rzeczna paskuda
25%
52Shirra
25%
54Ślimak jaskiniowy
25%
8Smoczak ognia
25%
32Stary ślimak
25%
8Świeca
25%
35Świecąca bzykopszczoła
25%
59Szaman orków
25%
55Szczur #13
25%
60Tortolla
25%
47Wodonoga
25%
48Wojennik
25%
46Wypełniacz
25%
59Zegar
25%
25Żelazna bzykopszczoła
25%
27Zjadacz mchu
25%
57Złoty karaluch
25%
54Złoty skarabeusz
25%
15Żuk
25%
48Arcynoga
17%
59Arlekin
17%
39Batożnik
17%
59Gobliński jeździec
17%
40Bliźniaki
17%
33Bursztynowa mrówka
17%
48Ciernisty ogórek
17%
48Cmentarny strach na wróble
17%
60Czarna wdowa
17%
43Czarny krab
17%
25Dębowy drzewiec
17%
57Dexter
17%
55
Wielki wypełniacz
17%
60Dowódca orków
17%
1Drewniak (szkolenie)
17%
43Dziki wilkołak
17%
49Flykon
17%
52Granit prawdy
17%
42Grzybożerca
17%
23Jadowity pająk
17%
40Kamieniojad
17%
42Karlik malutki
17%
40Koralowy krab
17%
60Kościogryz
17%
35Kroker
17%
25Królewski Pająk
17%
18Leśny pająk
17%
14Mącznik
17%
5 | 55Mały pająk
17%
10Mały ślimak
17%
1Manekin (szkolenie)
17%
56Megaireks
17%
58Mroczna mumia
17%
58Mroczna sola
17%
61Mroczny biegacz
17%
31Niebiański ostroślimak
17%
40Niewidzące oko
17%
42Nocna bzykopszczoła
17%
46Pajęcza osa
17%
46Piaskowa bzykopszczoła
17%
39Piaskowy wąż
17%
58Pożeracz ognia
17%
58Pożeracz trucizny
17%
57Pożeracz wody
17%
30Pstrokata Modliszka
17%
29Purpurowa modliszka
17%
22Rohatyniec
17%
18Różowy śluz
17%
46Skarabeusz
17%
24Ślepa Bzykopszczoła
17%
10Ślepy dzik
17%
28Stary pniak
17%
17Stonoga
17%
38Szaleniec
17%
46Sztywniak
17%
59Troll
17%
42Ularka
17%
60Wielka tortolla
17%
60Wielki biegacz
17%
59Wyrocznia
17%
40Żabiak
17%
50Żarłok
17%
44Żmija
17%
19Zombie młynarz
17%
59Zombie wojownik
17%
55Zwierzobij
17%
18Arachnus
8%
55Aries
8%
41Bagienny kokon
8%
43Bagienny zombie
8%
3Bańka gazu
8%
20Biały crogg
8%
51Blady żołądź
8%
16Mokry Ronett
8%
43Brzęcznik
8%
38Żywiołak dymu
8%
10Cień zombie
8%
43Czarny wilk
8%
42Dawny rekrut
8%
59Dexter czempion
8%
47Drążyciel
8%
51Dwukolorowy skóroskrzydlak
8%
45Garm księżycowy
8%
34Gjom
8%
11Gnijący drewniak
8%
10Gnijący zombie
8%
58Gobliński grabieżca
8%
35Golem chaosu
8%
17Groll
8%
43Grolling
8%
44Jadowity brzęcznik
8%
58Jaskiniowa paskuda
8%
45Kościany koszmar
8%
36Krokor
8%
60Królowa Termitów
8%
56Kwarc
8%
31Langer
8%
39Mały baphomet
8%
44Maryna
8%
58Maura
8%
10Megamacka
8%
50Metalowy skorpion
8%
41Miotacz zarodników
8%
36Młody karlik malutki
8%
39Modliszka z Mistganu
8%
49Mroczny drzewiec
8%
37Mrówka robotnica
8%
38Mrówka żołnierz
8%
58Nadzorca orków
8%
53Neobulla
8%
49Nizhad
8%
40Nocny crogg
8%
40Nocny kokon
8%
46Nocny strażnik
8%
60Ognisty achyl
8%
47Ognisty batożnik
8%
54Ognisty grolling
8%
1Ognisty pożeracz
8%
52Piaskowy dziadek
8%
18Pożeracz zboża
8%
33Przecinak
8%
5Przerażający szkielet
8%
50Pudełko szału
8%
36Rubinowa mrówka
8%
59Siepacz
8%
59Śmiercionośny pająk
8%
47Stary niedźwiedź
8%
60Straszliwy pożeracz chaosu
8%
60Straszliwy pożeracz ciemności
8%
60Straszliwy pożeracz powietrza
8%
12Szczur piwniczny
8%
25Szczypcoróg
8%
49Szmaragdowy termit
8%
49Tajemniczy skarabeusz
8%
45Tarantula
8%
37Taśmokorzeń
8%
60Terran
8%
15Trujący śluz
8%
59Wielki Ben
8%
9Wilk jaskiniowy
8%
59Wściekły Flykon
8%
52Żarłok pustki
8%
10Zbuntowany golem
8%
10Żelazny zombie
8%
41Zerox
8%
22Żuk elenium
8%
39Żywa zbroja
8%
40Żywiołak ognia
8%
42Absorbent węgla
0%
41Bagienna bzykopszczoła
0%
58Bagienna żmija
0%
40Beta enzym
0%
60Blom zmierzchu
0%
28Błyszcząca sola
0%
59Ślimaczak zmierzchu
0%
35
Pigmejski pożeracz ziemi
0%
47Duży crogg jaskiniowy
0%
41Inhibitor żelaza
0%
40Katalizator plazmy
0%
58Kościany łucznik
0%
59Kościany wojownik
0%
50Krokodyl bagienny
0%
54Krystaloid
0%
15Mączny śluz
0%
39Mały crogg jaskiniowy
0%
50Mały pożeracz trucizny
0%
54Mały pożeracz wody
0%
25Mrówka strażnik
0%
23Mrówka zbieracz
0%
59Nimfa zagra
0%
47Ogórek piaskowy
0%
59Ogromny karlik malutki
0%
55Oko bestii
0%
59Ork brygadier
0%
53Ork górnik
0%
50Pentokulus
0%
52Piaskowy kokon
0%
36Piaskowy łupieżca
0%
32Pigmejski pożeracz ciemności
0%
38Pigmejski pożeracz ognia
0%
37Podziemny pająk
0%
42Popielak
0%
49Robal
0%
60Robal zmierzchu
0%
54Rytualny skorpion
0%
29Skalne krosno
0%
45Starożytny drzewiec
0%
5Stary szkielet
0%
44Straszliwy mrówkojad
0%
35Szafirowa mrówka
0%
46Szalony crogg
0%
48Szalony dzik
0%
29Szaman Wielkiej Wody
0%
26Wojownik Wielkiej Wody
0%
46Wypełniacz zmierzchu
0%
40Wysysacz z Mistangu
0%
59Zbrojnoga`
0%
36Zbrojnoga z Mistganu
0%
50Żelazny termit
0%
60Zielony troll
0%

Rozkład punktacji

Percentyl według liczby udzielonych odpowiedzi

Procent ludzi z każdym wynikiem

Twoja historia wyników

Nie rozwiązałeś tego quizu